01253 a2200217 45000010006000000050017000060080041000230030015000640400040000790800145001192450044002640200018003082640032003263000022003585050490003800410008008701000026008787000018009047000025009228560088009473694020260407155641.0260407a1996 arg spa dAR-UNSa-BCEJYS aAR-UNSa-BCEJYSbspacAR-UNSa-BCEJYS a658.012.4xGestión. Dirección. Autoridad. Técnicas y métodos de gestión (gestión del conocimiento, Outsourcing, Benchmarking...)10aBenchmarking de la función financiera a84-481-0701-2 1aMadrid :bMcGraw-Hillc1996 ax, 152 p.c23 cm. a1. Introducción - 2. El benchmarking como herramienta de gestión - 3. La función financiera en la empresa - 4. El benchmarking de la función financiera - 5. Tesorería (I). Planificación - 6. Tesorería (II) Gestión de las operaciones - 7. Tesorería (III) Gestión financiera - 8. Tesorería (IV) Relación con entidades financieras. Conciliación y negociación bancaria - 9. La gestión del circulante - 10. La función de financiación - 11. La facturación aspa1 aSuárez, José Luis1 aArias, Alvaro1 aFernández, Tomás41uhttps://170.210.207.44/pmb/images/libros/L125480.jpgyImagen de portadaqimage/jpeg